00185nam a2200073Ia 4500008004100000050002200041100002400063245002400087230915s9999 xx 000 0 und d aHF 5667.S83 1989  aSALEEM, NISAR AHMED 0aAUDITING SIMPLIFIED